000 00537pam a2200205 a 4500
020 _c390.00 (PB)
041 _aeng
_hNULL
082 _a618.2
_bDAW/DAW
100 _aDAWN, C .
245 _aT/B OF GYNAECOLOGY, RACEPTION AND DEMOGRAPHY /
_cNULL.
_hTextual Documents
250 _a14 /
_b.
260 _aNULL :
_bDAWN BOOKS KOLKATA ,
_c2003.
300 _a256 :
_bXI ;
_cA4 .
365 _a390.00
_e3
700 _aDAWN, S .
907 _a8832
_a8833
_a8834
930 _a4121
999 _c798655
_d798655
650 _aOBST.GYNE